000 00397ntaaa2200169 4500
003 01
005 20251027201544.0
008 0714s1973 ag 01
040 _aAR-BaBN
_bspa
_cAR-BaBN
_eaacr
_dRIC
082 _a229.9000 Ig5
100 _aIgnacio (de Antioquía)
_914226
245 _aLas Epístolas de Ignacio
250 _a1 ed.
260 _as.l.,
_cn.f.
300 _a147-211 p.
942 _cBK
999 _c10183
_d10183